Sports Quiz

Random Sports or Baseball Quiz

MLB - 1970's Milwaukee Brewers (Slideshow) Quiz Stats

Quiz not verified by Sporcle

Score 0/45 Timer 08:00
0 Plays Today
% Correct
Gorman Thomas
93.2%
Robin Yount
91.8%
Paul Molitor
91.8%
Jim Gantner
77.6%
George Scott
76.9%
Ben Oglivie
70.1%
Larry Hisle
65.3%
Don Money
65.3%
Sixto Lezcano
64.6%
Cecil Cooper
63.9%
Charlie Moore
54.4%
Hank Aaron
53.7%
Harvey Kuenn
53.1%
Moose Haas
52.4%
Jim Slaton
46.3%
Mike Caldwell
44.2%
Darrell Porter
44.2%
Mike Hegan
40.8%
Felipe Alou
40.8%
Buck Martinez
36.1%
Bill Travers
34%
Tommy Harper
32.7%
Jerry Augustine
32%
% Correct
Dave Bristol
30.6%
Sal Bando
29.9%
Del Crandall
29.9%
Kurt Bevacqua
27.9%
Jim Lonborg
25.2%
Von Joshua
22.4%
Lary Sorensen
21.1%
Johnny Briggs
20.4%
Dave May
19%
Ollie Brown
19%
Alex Grammas
17.7%
Marty Pattin
16.3%
Jim Colborn
15.6%
Frank Linzy
15%
Ken McMullen
12.9%
Jimmy Wynn
12.2%
Ray Fosse
12.2%
Lew Krausse
11.6%
Danny Walton
10.9%
Bob McClure
10.9%
Deron Johnson
6.8%
Ken Sanders
5.4%

You're not logged in!

Compare scores with friends on all Sporcle quizzes.
Sign Up with Email
OR
Log In

You Might Also Like...

Show Comments

Extras

Top Quizzes Today


Score Distribution

Your Account Isn't Verified!

In order to create a playlist on Sporcle, you need to verify the email address you used during registration. Go to your Sporcle Settings to finish the process.